000 00844nas a2200253 4500
001 BR9100692
003 BR-BrBNA
005 20231205091926.0
007 ta
008 230509b bl.|||p| |||| 00| 00por d
040 _aBR-BrBNA
_bpor
_cBiblioteca Nacional de Agricultura
041 _a(Pt)
072 _aF60
100 1 _aAndrade, I.F.
100 1 _aMarques Neto, J.
245 1 _aEfeito da carga animal sobre os niveis de carboidratos soluveis e peso seco da parte aerea, base do caule e sistema radicular de Brachiaria decumbens
650 _aCAPIM BRACHIARIA
650 _aCARBOIDRATO
650 _aRAIZ
650 _aCAULE
773 0 _tRevista da Sociedade Brasileira de Zootecnia (Brazil)
_xISSN 0100-4859
_g(Sep-Oct 1989), v. 18(5) p. 426-431
_wBR9100692
909 _a202311
_bLúcia
_c55
_dLúcia Elande
942 _2AGRIS
_n0
_cANA
999 _c128187
_d128187